[Event "Titled Tuesday intern op 06th Jun Early"]
[Site "Chess.com INT"]
[Date "2023.06.06"]
[Round "10"]
[White "Koshulyan, Egor A"]
[Black "Cattaneo, Marco"]
[Result "1-0"]
[WhiteElo "2136"]
[BlackElo "2250"]
[PlyCount "137"]
[EventDate "2023.06.06"]
[EventType "swiss (blitz)"]
[EventRounds "11"]
[EventCountry "USA"]
[SourceTitle "EXT 2024"]
[Source "ChessBase"]
[SourceDate "2023.10.10"]
[SourceVersion "1"]
[SourceVersionDate "2023.10.10"]
[SourceQuality "1"]

1. e4 Nf6 2. e5 Nd5 3. c4 Nb6 4. c5 Nd5 5. Bc4 e6 6. d4 b6 7. cxb6 axb6 8. Nf3 Be7 9. 0-0 Ba6 10. Nbd2 Bxc4 11. Nxc4 0-0 12. Ncd2 Nc6 13. Ne4 f5 14. exf6 Nxf6 15. Ng3 Ra5 16. Bd2 Bb4 17. Bg5 h6 18. Bc1 Bd6 19. a3 Rf7 20. Bd2 Rd5 21. Be3 Ng4 22. Qe2 h5 23. h3 Nxe3 24. Qxe3 Bf4 25. Qe4 Bd6 26. Rae1 Qf6 27. Rd1 h4 28. Ne2 g5 29. Nc3 Rf5 30. d5 Ne5 31. Nxe5 Rxe5 32. Qg4 Qf4 33. dxe6 dxe6 34. Qxf4 Rxf4 35. Rd3 Kf7 36. f3 Bc5+ 37. Kh2 Rd4 38. Rfd1 Rxd3 39. Rxd3 Bd6 40. Kg1 Re1+ 41. Kf2 Rc1 42. Ne4 Bf4 43. Rc3 Rxc3 44. Nxc3 Ke7 45. Ke2 Bc1 46. Nd1 Kd6 47. Kd3 Ke5 48. Kc2 Bf4 49. Nf2 Kd4 50. Ne4 Ke3 51. b4 Ke2 52. a4 Kf1 53. a5 bxa5 54. bxa5 Be3 55. Kd3 Ba7 56. Nxg5 Kxg2 57. Ke4 c5 58. f4 c4 59. a6 Kg3 60. Nxe6 Kxh3 61. f5 Kg3 62. Ng5 c3 63. Kd3 Kg4 64. f6 Kxg5 65. f7 h3 66. f8Q h2 67. Qg7+ Kf4 68. Qc7+ Kf3 69. Qxh2 1-0

[Event "Titled Tuesday intern op 06th Jun Early"]
[Site "Chess.com INT"]
[Date "2023.06.06"]
[Round "3"]
[White "Petrosian, Karlen"]
[Black "Cattaneo, Marco"]
[Result "1-0"]
[WhiteElo "2348"]
[BlackElo "2250"]
[PlyCount "115"]
[EventDate "2023.06.06"]
[EventType "swiss (blitz)"]
[EventRounds "11"]
[EventCountry "USA"]
[SourceTitle "EXT 2024"]
[Source "ChessBase"]
[SourceDate "2023.10.10"]
[SourceVersion "1"]
[SourceVersionDate "2023.10.10"]
[SourceQuality "1"]

1. e4 Nf6 2. Nc3 e5 3. Bc4 Nxe4 4. Qh5 Nd6 5. Qxe5+ Qe7 6. Qxe7+ Bxe7 7. Bb3 Nf5 8. Nf3 c6 9. Ne2 d5 10. c3 0-0 11. Bc2 Nd6 12. Ng3 Nd7 13. 0-0 g6 14. Re1 Re8 15. d4 Nf6 16. Bf4 Be6 17. Ng5 Bd7 18. Rxe7 Rxe7 19. Bxd6 Ree8 20. h3 h6 21. Nf3 Nh7 22. a4 Nf8 23. a5 a6 24. Bf4 Kg7 25. Ne5 Be6 26. Nd3 Nd7 27. Bd6 h5 28. Nc5 Nxc5 29. Bxc5 h4 30. Nf1 Bd7 31. Ne3 Re6 32. Bb6 Rae8 33. Bc7 Bc8 34. Bd3 R6e7 35. Bf4 f6 36. Kf1 g5 37. Bd6 Re6 38. Ba3 Kf7 39. b3 Bd7 40. c4 Rxe3 41. fxe3 Rxe3 42. Rd1 g4 43. Bc1 Re8 44. hxg4 Bxg4 45. Re1 Rd8 46. c5 Rg8 47. Kf2 Be6 48. Bf4 Rg4 49. Kf3 Bd7 50. b4 Rg8 51. Rh1 Rh8 52. g4 Be6 53. Bf5 Bxf5 54. gxf5 h3 55. Rh2 Rh5 56. Kg3 Rxf5 57. Rxh3 Ke6 58. Kg4 1-0